Statistics for Laptop Hardware Picture Quiz

Click here to take the quiz!

General Stats

  • This quiz has been taken 82 times
  • The average score is 10 of 14

Answer Stats

Answer% Correct
Keypad
99%
Webcam
94%
LCD Screen/Monitor
88%
Battery
85%
Cooling Fan
82%
Random Access Memory
82%
Touchpad
82%
Central Processing Unit
81%
Hard Disk Drive
79%
Solid State Drive
75%
Graphics Processing Unit
73%
Ports
49%
Speakers
24%
WiFi Card
9%

Score Distribution

Percentile by Number Answered

Percent of People with Each Score

Your Score History

You have not taken this quiz